书目信息 |
| 题名: |
香山科学会议年报
|
|
| 作者: | 赵生才 , 周春来 主编 | |
| 分册: | ||
| 出版信息: | 北京 科学出版社 1999.06 |
|
| 页数: | 177页 | |
| 开本: | 16开 | |
| 丛书名: | ||
| 单 册: | ||
| 中图分类: | N27 | |
| 科图分类: | ||
| 主题词: | 自然科学--学术会议 , 自然科学--专业会议 , 自然科学--国际学术会议 | |
| 电子资源: | ||
| ISBN: | 7-03-007482-3 | |
| 000 | 00686nam0 2200229 45 | |
| 001 | 0009041530 | |
| 005 | 20000904154126.3 | |
| 010 | @a7-03-007482-3@d16.00元 | |
| 100 | @a20000904d1999 km y0chiy0120 ea | |
| 101 | 0 | @achi |
| 105 | @a z 000yy | |
| 200 | 1 | @a香山科学会议年报@AXiang Shan Ke Xue Hui Yi Nian Bao@f赵生才,周春来主编@FZhao Sheng Cai,Zhou Chun Lai Zhu Bian |
| 210 | @a北京@c科学出版社@d1999.06 | |
| 215 | @a177页@d16开 | |
| 606 | 0 | @a自然科学@x学术会议 |
| 606 | 0 | @a自然科学@x专业会议 |
| 606 | 0 | @a自然科学@x国际学术会议 |
| 690 | @aN27@v3 | |
| 701 | 0 | @a赵生才@4主编 |
| 701 | 0 | @a周春来@4主编 |
| 801 | @aCN@bPftUser@c20000904 | |
| 905 | @b118748-749@dN27@eZH097@f2 | |
| 香山科学会议年报/赵生才,周春来主编.-北京:科学出版社,1999.06 |
| 177页;16开 |
| ISBN 7-03-007482-3:16.00元 |
| ● |
| 相关链接 |
|
|
|
正题名:香山科学会议年报
索取号:N27/ZH097
 
预约/预借
| 序号 | 登录号 | 条形码 | 馆藏地/架位号 | 状态 | 备注 |
| 1 | 118748 | 201187483 | 自科库401/401自科库 137排1列2层/ [索取号:N27/ZH097] | 在馆 | |
| 2 | 118749 | 201187492 | 自科库401/401自科库 139排1列6层/ [索取号:N27/ZH097] | 在馆 |